000
00336 a2200157 4500
001
151077
040
_c
Escola São Tomás de Aquino
100
_a
BANDEIRA, Pedro
240
1
0
_a
O vírus final
_l
por
245
1
0
_a
O vírus final
300
_a
56
362
0
_a
2002
440
1
_a
FTD
697
_a
*LITERATURA JUVENIL
942
_c
BK
999
_c
151077
_d
151077